000 00890nam a2200325Ia 4500
001 19937
003 IT-RoPAU
008 130308s9999 xx 000 0 und d
040 _aIT-RoPAU
040 _cIT-RoPAU
041 _aINGLESE
100 _aHarrer G.
100 _gCodice Aut. SPICS: 4735
245 _aMusic, Emotion and Autonomic Function
245 _bMusic And The Brain-Studies in The Neurology Of Music
250 _a1a ed.
260 _aLONDON
260 _bHeinemann William
260 _c1980 [1° Ed.:1977 - Ed.Ling.Originale:1977]
300 _a"15 p. (prefazione: no ; testo: 15 [pagine: 202-216])"
500 _aMusica Emozione e Funzione Autonoma
650 _aSAGGI MUSICALI
650 _eCodice materia Spics: 7011
700 _aHarrer H.
700 _gCodice Aut. SPICS: 4736
942 _cBK
957 _71
999 _c60110
_d60110
999 _bSI
999 _g1